|
|
|
|
| LEADER |
00805cam a2200229 7i4500 |
| 001 |
0000015998 |
| 005 |
20170218090000.0 |
| 008 |
070627 eng |
| 020 |
|
|
|a 0137930763 (hbk.)
|
| 020 |
|
|
|a 9780137930760
|
| 090 |
0 |
0 |
|a QA303
|b .E24 1998
|
| 100 |
1 |
|
|a Edwards, C. Henry
|
| 245 |
1 |
0 |
|a Calculus :
|b with analytic geometry early transcendentals
|c C. Henry Edwards, David E. Penney.
|
| 250 |
|
|
|a 5th ed.
|
| 260 |
|
|
|a Upper Saddle River, NJ:
|b Prentice Hall,
|c 1998.
|
| 504 |
|
|
|a Includes bibliographical references and index
|
| 650 |
0 |
0 |
|a Geometry, Analytic
|
| 650 |
0 |
0 |
|a Management
|
| 650 |
0 |
0 |
|a Calculus
|
| 700 |
1 |
|
|a Penney, David E
|
| 997 |
|
|
|a Communication, Visual Art & Computing, Faculty
|b Computing, Department
|
| 999 |
|
|
|a 0000022136
|b BOK
|c OPEN SHELF
|e 2nd Floor, Bestari Jaya
|